| 000 | 01203 a2200217 4500 | ||
|---|---|---|---|
| 005 | 20080922143328.0 | ||
| 008 | 080922t xxu||||| |||| 00| 0 hin d | ||
| 010 | _aHIN-81222 | ||
| 020 |
_a8178793229 _c950.00 |
||
| 035 | _aHN-53568 | ||
| 037 | _bD.B.Act / Pub | ||
| 082 | _a613.07 | ||
| 100 | _aउषा गोपाल | ||
| 245 |
_aस्वास्थ्य शिक्षा ज्ञानकोश / _cउषा गोपाल |
||
| 246 |
_aSwasthyay shiksha gyankosh _bby Usha Gopal |
||
| 260 |
_aनई दिल्ली _bस्पोट्र्स पब्लिकेशन _c2006 |
||
| 270 |
_aजी-6,23/23बी ई एम सी ए हाऊस,अंसारी रोड,दरियागंज _bनई दिल्ली _e110002 _k(ऑ)65749511,66326118 (नि)27562163(मो.)9868028838 _mlakshaythani@hotmail.com |
||
| 300 |
_aवि.पृ. _c22सेमी(सजिल्द) |
||
| 942 |
_aDPL _cHN _k613.07 / उषागो _2ddc _h613.07 _mउषागो |
||
| 999 |
_c8125 _d8125 |
||